Pokusný učební text z fyziky pro 6. ročník ZDŠ. [Sv. 2], B, Pracovní sešit /

Hlavní autor: Chytilová, Marta, 1907-1998
Jazyk: Čeština
Vydáno: Praha : Výzkumný ústav pedagogický, 1972
Témata:
Fyzický popis: 42 s.
Knihy
Uloženo v:
LEADER 00851nam a2200217 a 4500
001 000415104
003 CZ BrMZK
005 20090703144453.0
008 010907s1972 xr f cze d
040 |a BOA001  |b cze  |c BOA002 
100 1 |a Chytilová, Marta,  |d 1907-1998  |7 jk01050494  |4 aut 
245 1 0 |a Pokusný učební text z fyziky pro 6. ročník ZDŠ.  |n [Sv. 2], B,  |p Pracovní sešit /  |c Marta Chytilová 
246 3 0 |a Pracovní sešit 
260 |a Praha :  |b Výzkumný ústav pedagogický,  |c 1972 
300 |a 42 s. 
550 |a Vydavatel: Výzkumný ústav pedagogický v Praze, Oddělení fyziky 
653 0 |a fyzika 
910 |a BOA001  |b PK-N-0034.524,2 
964 |a Fyzika - učebnice pokusné - školy základní devítileté 
990 |a BK 
996 7 |b 3119016663  |c PK-N-0034.524,2  |l MZK  |r Sklad / do 1 hodiny  |n 0  |p dar  |w 000415104  |u 000010  |a 1  |e BOA001  |j MZK50  |s A